000 01742nam0a2200421 4500
001 RU\NLR\BIBL_A\010824621
005 20260409065029.0
010 _a978-5-94457-222-6
_9500
021 _aRU
_b2015-52680
_93113
035 _a(NLR Aleph) 010824621
035 _a(NILC)RuMoRGB-007979635
090 _a10258233
_c10258233
100 _a20150821d2015 k y0rusy50 ca
101 0 _arus
_aeng
_glat
102 _aRU
105 _aa z 000yy
200 1 _aDonum semanticum
_eopera linguistica et logica in honorem Barbarae Partee a discipulis amicisque Rossicis oblata
_e[сборник]
_fed. by Peter Arkadiev [et al.]
210 _aMoscow
_cLanguages of Slavic culture
_d2015
215 _aXIII, 364 с.
_cил.
_d22
300 _aТекст на рус. и англ. яз.
320 _aБиблиогр.: с. 324-364
541 0 _aСемантический дар
_eработы по лингвистике и логике, написанные российскими учениками и друзьями
600 1 _aПарти
_bБ.Х.
_f1940
_gБарбара Холл
_92255958
_3RU\NLR\AUTH\6601583103
606 _aСемантика (лингв.)
_jСборники
_3RU\NLR\AUTH\666020
_9898384
606 1 _aГрамматика
_jСборники
_9910940
_3RU\NLR\AUTH\6612948
610 0 _aформальная семантика
675 _a004.5
686 1 _aШ103.2я434
686 1 _aШ102я434
686 1 _aШ1г(7США)дПарти
702 1 _aPartee
_bB. H.
_f1940-
_gBarbara Hall
_4570
702 1 _aArkad'ev
_bP. M.
_gPetr Michajlovič
_4340
801 0 _aRU
_bРГБ
_c20150721
_gRCR
942 _cBOOK
980 _aNBR
980 _aNB